The red and the green

Furkejuvvon:
Bibliográfalaš dieđut
Váldodahkki: Murdoch, Iris, 1919-1999 (Dahkki)
Materiálatiipa: Girji
Giella:eaŋgalasgiella
Almmustuhtton: Nueva York The Viking Press 1965
Fáttát:
Fáddágilkorat: Lasit fáddágilkoriid
Eai fáddágilkorat, Lasit vuosttaš fáddágilkora!

MARC

LEADER 00000nam a2200000 a 4500
001 UCQ3824
003 CL-VaPUC
008 980828e19650000US |||||||||||||||||eng|d
082 0 4 |a 823  |b MUR  |2 21 
100 |a Murdoch, Iris,  |d 1919-1999  |e author  |9 568224 
245 1 4 |a The red and the green 
300 |a 311 p 
942 |c BK 
945 |d 19980828 00:00:00  |a crobeson 
260 |a Nueva York  |b The Viking Press  |c 1965 
650 0 |a Novelas inglesas  |9 265220 
650 0 |a Literatura inglesa  |9 312907 
583 |a last modification  |c 19980828 00:00:00  |k Rodrigo Vera 
999 |c 274337  |d 274335 
952 |0 0  |1 0  |4 0  |6 823_000000000000000_MUR_1965  |7 0  |8 A  |9 310488  |a BIBEDU  |b BIBEDU  |d 2019-11-20  |i 1458671  |o 823 MUR 1965  |p 1458671  |r 2019-11-20  |w 2019-11-20  |y BK  |k LIT